|
|
|
|
| LEADER |
00000cam a2200000 7i4500 |
| 001 |
0000014797 |
| 005 |
20090120.0 |
| 008 |
060308 |
| 020 |
|
|
|a 0007160739
|
| 090 |
0 |
0 |
|a 362.7
|b TYN
|
| 100 |
1 |
|
|a Tynan Bernadette
|
| 245 |
1 |
0 |
|a Your child can think like a genius :
|b how to unlock the gifts in every child
|c Bernadette Tynan
|
| 260 |
|
|
|a London :
|b An Imprint Of Harper Collins Publishers ,
|c 2004
|
| 650 |
|
0 |
|a Ability in children
|
| 650 |
|
0 |
|a Creative thinking in children
|
| 650 |
|
0 |
|a Education
|x Parent participation
|
| 999 |
|
|
|a 0001011953
|b Book
|c Adult Collection
|e Perbadanan Perpustakaan Awam Johor
|
| 999 |
|
|
|a 0001014906
|b Book
|c Adult Collection
|e Perbadanan Perpustakaan Awam Johor
|
| 999 |
|
|
|a 0001015378
|b Book
|c Adult Collection
|e Perbadanan Perpustakaan Awam Johor
|
| 999 |
|
|
|a 0001257898
|b Book
|c Adult Collection
|e Cawangan Segamat
|